IFM Opac

specialized & advanced financial accounting (Record no. 18315)

MARC details
000 -LEADER
fixed length control field 00376nam a22001217a 4500
082 ## - DEWEY DECIMAL CLASSIFICATION NUMBER
Classification number 657.046 SPE
100 ## - MAIN ENTRY--PERSONAL NAME
Personal name Specialized & advanced financial accounting
245 ## - TITLE STATEMENT
Title specialized & advanced financial accounting
260 ## - PUBLICATION, DISTRIBUTION, ETC.
Place of publication, distribution, etc. canada
Name of publisher, distributor, etc. the chartered accountants course of instruction
Date of publication, distribution, etc. 1967
300 ## - PHYSICAL DESCRIPTION
Other physical details ill; 28cm.
500 ## - GENERAL NOTE
General note include references, bibliography
942 ## - ADDED ENTRY ELEMENTS (KOHA)
Koha item type Books
Holdings
Withdrawn status Lost status Source of classification or shelving scheme Damaged status Not for loan Home library Current library Shelving location Date acquired Full call number Barcode Date last seen Price effective from Koha item type
    Dewey Decimal Classification     IFM Main Campus Library IFM Main Campus Library   08/15/2017 657.046 SPE 0000010651 08/15/2017 08/15/2017 Books